[Event "NOR-chT Eliteserien 2018-19"]
[Site "Norway"]
[Date "2018.11.02"]
[Round "1.27"]
[White "Flermoen, Peter"]
[Black "Mihajlov, Sebastian"]
[Result "1/2-1/2"]
[WhiteElo "2316"]
[BlackElo "2373"]
[Annotator "TA"]
[PlyCount "72"]
[EventDate "2018.11.02"]
[EventType "team-tourn"]
[EventCountry "NOR"]

{[%evp 19,72,-7,0,-2,0,0,28,20,13,5,16,-34,-39,-34,-38,-39,26,0,0,0,0,0,0,0,0,0,0,0,0,0,0,0,0,0,0,0,30,0,0,0,5,0,0,0,0,0,0,0,0,0,0,0,0,0,0]} 1. e4 c5 2. Nf3 Nc6 3. Nc3 d6 4. d4 cxd4 5. Nxd4 e5 6. Nb3 Be6 7. Be3 Nf6 8. Be2 Be7 9. O-O O-O 10. Kh1 a5 {[%cal Ba7a5,Ba5a4][%mdl 32] LiveBook: 7 Games} 11. f4 {B59: Classical Sicilian: 6 Be2 e5 7 Nb3} (11. Bb5 Na7 12. Bd3 Nc8 13. f4 Nb6 14. fxe5 dxe5 15. Nc5 Bg4 16. Qe1 Qc7 17. Qf2 Bh5 18. h3 Bg6 {1-0 (56) Drenchev,P (2450)-Babaev,R (2484) Creon 2008}) 11... a4 12. f5 Bd7 13. Nd2 {White has an edge.} Nd4 $146 ({Predecessor:} 13... a3 14. b3 Nb4 {0-1 (14) Ramos Pastrana,J-Vittorino,C (2368) Bogota 2009}) 14. Bd3 Bc6 15. b4 (15. Qe1 {with more complications.} Re8 16. Qg3 Nh5 17. Qh3 Bg5 18. Bxg5 Qxg5 19. Nf3) 15... axb3 16. axb3 Rxa1 17. Qxa1 Nd7 (17... d5 $15) 18. Bxd4 exd4 19. Ne2 Bf6 20. Nxd4 Qb6 21. c3 Nc5 22. Bc2 d5 {[%cal Rc5e4]} 23. Nxc6 Qxc6 24. exd5 Qxd5 25. Rd1 Nd3 26. Ne4 Qxe4 27. Bxd3 Qh4 28. Qa4 (28. g3 $5 {[%cal Rg3h4]} Qh3 29. Re1 $11) 28... Qxa4 {The position is equal.} 29. bxa4 Bxc3 $11 {[%mdl 4096] Endgame KRB-KRB} 30. Bc4 Re8 $1 31. g3 (31. Kg1 {keeps more tension.} Kf8 32. Rd7 Re7 33. Rd8+ Re8 34. Rd3) 31... Re1+ 32. Rxe1 Bxe1 33. Kg2 Kf8 34. Kf3 Ke7 35. Ke4 Bf2 36. g4 b6 {Accuracy: White = 71%, Black = 70%.} 1/2-1/2

[Event "NOR-chT Eliteserien 2018-19"]
[Site "Norway"]
[Date "2018.11.02"]
[Round "1.28"]
[White "Getz, Nicolai"]
[Black "Klukin, Kirill"]
[Result "1/2-1/2"]
[WhiteElo "2392"]
[BlackElo "2313"]
[Annotator "broadcasts RC"]
[PlyCount "169"]
[EventDate "2018.11.02"]
[EventType "team-tourn"]
[EventCountry "NOR"]
[TimeControl "40/5400+30:1800+30"]

1. e4 c5 2. Nf3 Nc6 3. d4 cxd4 4. Nxd4 e5 5. Nb5 d6 6. c4 Be7 7. N1c3 a6 8. Na3 Be6 9. Nd5 Nf6 10. Bd3 O-O 11. O-O Nd7 12. Nxe7+ Qxe7 13. Nc2 Nc5 14. b3 Rac8 15. Ne3 Rfd8 16. Bb2 b5 17. Nd5 Qb7 18. Rc1 b4 19. Bb1 f6 20. Qf3 Bf7 21. Qg4 Kh8 22. Rce1 Ne6 23. Re3 Ned4 24. Rfe1 Be6 25. Qh4 a5 26. Rd3 Rf8 27. Ne3 Rcd8 28. Nc2 Nxc2 29. Bxc2 Rd7 30. Bd1 Ne7 31. Bg4 Ng6 32. Qg3 Nf4 33. Rf3 Bxg4 34. Qxg4 h5 35. Qg3 g5 36. h3 Rg8 37. Qh2 Rf7 38. g3 Nxh3+ 39. Qxh3 g4 40. Qxh5+ Rh7 41. Qf5 gxf3 42. Qxf6+ Qg7 43. Qxf3 Rf8 44. Qg2 Qa7 45. Re3 Kg8 46. Rf3 Rhf7 47. Rxf7 Rxf7 48. Qf1 a4 49. Qe2 axb3 50. axb3 Kf8 51. Kg2 Ke8 52. Bc1 Qa1 53. Bd2 Rh7 54. Be1 Qc1 55. Qg4 Qh6 56. Kf1 Rg7 57. Qc8+ Ke7 58. Qb7+ Kf6 59. Qd5 Qh3+ 60. Ke2 Qg4+ 61. f3 Qe6 62. Qd2 Rb7 63. g4 Ke7 64. Qa2 Qc8 65. Qa6 Kd7 66. Qa1 Rb8 67. Bd2 Ra8 68. Qh1 Kc6 69. Qb1 Qh8 70. Be3 Ra3 71. Qc2 Qh2+ 72. Bf2 Qg2 73. c5 Ra5 74. cxd6+ Kxd6 75. Ke3 Qf1 76. Qd2+ Kc6 77. Qxb4 Qc1+ 78. Qd2 Qxd2+ 79. Kxd2 Ra2+ 80. Ke3 Rb2 81. Bg3 Kd6 82. Be1 Rxb3+ 83. Kf2 Ke6 84. Kg3 Ra3 85. Bf2 1/2-1/2

[Event "NOR-chT Eliteserien 2018-19"]
[Site "Norway"]
[Date "2018.11.02"]
[Round "1.29"]
[White "Nielsen, Andre"]
[Black "Abdrlauf, Elham"]
[Result "1-0"]
[WhiteElo "2260"]
[BlackElo "2160"]
[Annotator "broadcasts"]
[PlyCount "161"]
[EventDate "2018.11.02"]
[EventType "team-tourn"]
[EventCountry "NOR"]
[TimeControl "40/5400+30:1800+30"]

1. e4 c6 2. d4 d5 3. Nc3 dxe4 4. Nxe4 Nf6 5. Nxf6+ exf6 6. Bc4 Bd6 7. Qe2+ Qe7 8. Qxe7+ Kxe7 9. Nf3 Bf5 10. c3 Nd7 11. O-O Rhe8 12. Bd2 Kf8 13. Rfd1 Bg4 14. Bf1 f5 15. Rac1 Nf6 16. c4 Ne4 17. Be1 g5 18. Rd3 Bxf3 19. Rxf3 f4 20. Rb3 b6 21. Bd3 g4 22. f3 gxf3 23. gxf3 Ng5 24. Bf1 Re3 25. Kf2 Ne6 26. Rd1 Nxd4 27. Rxd4 Bc5 28. Bb4 Rxb3 29. axb3 Bxb4 30. Rxf4 Rd8 31. Re4 Rd1 32. h3 Rb1 33. Re2 Bc5+ 34. Kg2 Bd4 35. Rd2 c5 36. Bd3 Rg1+ 37. Kh2 h6 38. Be4 Re1 39. Kg3 Re3 40. b4 Rb3 41. b5 Ke7 42. Kg4 Bxb2 43. Kf5 Bc3 44. Rd3 Ra3 45. Bc6 Bb2 46. Rd7+ Kf8 47. Bd5 Ke8 48. Rb7 Re3 49. Rxa7 Re5+ 50. Kf4 Re7 51. Ra6 Be5+ 52. Kg4 Bc7 53. Kh5 Re1 54. Ra7 Kd7 55. Bxf7 Rh1 56. h4 Kd8 57. Kg4 Rg1+ 58. Kf5 Rh1 59. h5 Rf1 60. Bd5 Rg1 61. Kf6 Bf4 62. Be6 Rd1 63. Ra8+ Kc7 64. Rc8+ Kb7 65. Rg8 Re1 66. Rg7+ Kb8 67. Rf7 Rd1 68. Bd5 Kc8 69. Kg6 Rg1+ 70. Kh7 Be3 71. f4 Kd8 72. Kxh6 Rg4 73. Be6 Bxf4+ 74. Kh7 Rh4 75. Kg6 Be3 76. Rb7 Rh1 77. Rxb6 Rg1+ 78. Kh7 Bd4 79. h6 Ke7 80. Bd5 Be5 81. Re6+ 1-0